LIBRARY ONLINE CATALOGUE

Barclays Bank (Dominion, Colonial and overseas) : (Record no. 13479)

MARC details
000 -LEADER
fixed length control field 00518nam a22001812 4500
001 - CONTROL NUMBER
control field 0000012200
005 - DATE AND TIME OF LATEST TRANSACTION
control field 20151217155851.0
008 - FIXED-LENGTH DATA ELEMENTS--GENERAL INFORMATION
fixed length control field 090216s xx 000 0 eng d
040 ## - CATALOGING SOURCE
Original cataloging agency KABU
Transcribing agency KABU
245 10 - TITLE STATEMENT
Title Barclays Bank (Dominion, Colonial and overseas) :
250 ## - EDITION STATEMENT
Edition statement 1st ed.
260 ## - PUBLICATION, DISTRIBUTION, ETC. (IMPRINT)
Place of publication, distribution, etc. Plymouth, UK. :
Name of publisher, distributor, etc. Mayflower Press,
Date of publication, distribution, etc. 1938.
300 ## - PHYSICAL DESCRIPTION
Extent 269 p.
610 20 - SUBJECT ADDED ENTRY--CORPORATE NAME
Corporate name or jurisdiction name as entry element Barclays Bank.
-- 0000168455
852 1# - LOCATION
-- p500 KES
908 ## - PUT COMMAND PARAMETER (RLIN)
Put command parameter 090216
950 ## - LOCAL HOLDINGS (RLIN)
-- 1
Holdings
Withdrawn status Lost status Source of classification or shelving scheme Not for loan Home library Current library Date acquired Total Checkouts Full call number Barcode Date last seen Price effective from Koha item type
    Library of Congress Classification   Kabarak, Main Campus Kabarak, Main Campus 17/12/2015   HG3378 .B37 1938 c. 1 16617 17/12/2015 17/12/2015 Africana Collection